| 000 | 00755nam a22001937a 4500 | ||
|---|---|---|---|
| 999 |
_c175689 _d175689 |
||
| 005 | 20200915130325.0 | ||
| 010 | _aUR-10857 | ||
| 020 |
_c300.00 _a9789386285959 |
||
| 035 | _aU-9412 | ||
| 037 | _bDBAD/PUB | ||
| 082 | _a954.11 | ||
| 100 | _aمحمد ا ليا س کر گلی | ||
| 245 |
_aلد ا خ ميں ا ر د و شا عر ی کی مختصر تا ر يخ _cمحمد ا ليا س کر گلی |
||
| 246 |
_bLadakh Mein Urdu Shaeri Ki Mukhtasar Tareekh (Urdu) _aby Mohd. Ilyass Kargili |
||
| 260 |
_aN.Delhi _bEducational Publishing House _c2020 ء |
||
| 270 |
_aH.O.D1/16,Ansari Road,Darya ganj, _bN.Delhi _e110002 _k45678285,23216162 _l0091-11-23211540 |
||
| 300 |
_a224 ص _c22 Cm(Hb) |
||
| 942 |
_2ddc _cUR _h954.11 _mم ح م |
||